A 21. század új típusú kockázatai

Bibliographic Details
Main Author: Szabó Zoltán
Other Authors: Gulyásné Csekő dr. Katalin
Format: Thesis
Kulcsszavak:Kockázat
Kockázatkezelés
Csalás
Madoff-ügy
Online Access:http://dolgozattar.uni-bge.hu/519

MARC

LEADER 00000nta a2200000 i 4500
001 dolg519
005 20151117133853.0
008 150305suuuu hu om 000 hun d
040 |a BGE Dolgozattár Repozitórium  |b hun 
041 |a hu 
100 1 |a Szabó Zoltán 
245 1 2 |a A 21. század új típusú kockázatai  |c Szabó Zoltán  |h [elektronikus dokumentum] 
695 |a Kockázat 
695 |a Kockázatkezelés 
695 |a Csalás 
695 |a Madoff-ügy 
700 1 |a Gulyásné Csekő dr. Katalin   |e ths 
856 4 0 |u http://dolgozattar.uni-bge.hu/519/1/vhvuk9_Szab%C3%B3_Zolt%C3%A1n.pdf  |z Dokumentum-elérés